"Urban food security" v podmienkach Košického kraja bakalárska práca

Gespeichert in:
Bibliographische Detailangaben
1. Verfasser: Deáková, Kristína
Körperschaft: Podnikovohospodárska fakulta EU so sídlom v Košiciach. Katedra obchodného podnikania
Weitere Verfasser: Dudáš-Pajerská, Erika, 1988-
Format: Buch
Sprache:Slowakisch
Veröffentlicht: Košice 2018
Tags: Tag hinzufügen
Keine Tags, Fügen Sie das erste Tag hinzu!

MARC

LEADER 00000nbm a2200000 4500
001 0245721
005 20181023140026.5
041 0 |a slo 
044 |a SK 
245 1 0 |a "Urban food security" v podmienkach Košického kraja  |b bakalárska práca  |c Kristína Deáková ; školiteľ: Erika Dudáš Pajerská 
264 1 |a Košice  |c 2018 
300 |a 59 s. 
100 1 |a Deáková, Kristína 
700 1 |a Dudáš-Pajerská, Erika, 1988- 
710 2 |a Podnikovohospodárska fakulta EU so sídlom v Košiciach. Katedra obchodného podnikania